Les volcans - Statistiques

Statistiques générales
  • Ce quiz a été pris 230 fois
    222 depuis la dernière actualisation
  • Le résultat moyen est 15 sur 26
Statistiques - réponses
Volcans Pays ou région % Correct
Etna - Vésuve - Stromboli Italie
98%
Sakurajima - Mont Fuji - Aso - Iwo-jima - Suwanose-jima Japon
89%
Bardarbunga -Eyjafjallajökull - Eyjafjöll - Hekla - Grimsvötn Islande
87%
Popocatepetl Mexique
81%
Nevado Ojos del Salado Argentine
79%
Merapi- Krakatoa - Bromo - Tambora Indonésie
77%
Mont Saint Helens - Mont Rainier - Mont Baker - Caldeira de Yellowstone Etats Unis
76%
Piton de la Fournaise Réunion
73%
Kilimandjaro Tanzanie
72%
Ubinas - El Misti Perou
69%
Montagne Pelée Martinique
68%
Soufrière Guadeloupe
67%
Izalco - San Miguel - San Salvador - Salvador
61%
Galeras - Nevado del Ruiz - Cumbal - Machin - Sotara Colombie
60%
Mauna Loa - Kilauea Hawaï
59%
Taal - Mont Pinatubo Philippines
59%
Reventador - Sangay - Tungurahua Equateur
55%
Pacaya - Fuego Guatemala
50%
San Cristobal - Telica - Masaya - Concepcion - Apoyeque Nicaragua
47%
Irazu - Rincon de la vieja Costa Rica
44%
White Island Nouvelle Zélande
39%
Ulawun - Manam - Bagana -Langila - Rabaul - Karkar Papouasie-Nouvelle Guinée
27%
Mont Erebus - Siple Antarctique
15%
Nyragongo - Nyamuragira République Démocratique du Congo
14%
Yasur - Ambrym Vanuatu
13%
Krenitsyne - Klioutchevskoï - Karymsky - Shiveluch -Gorely Kamchatka
3%
Aucun quiz correspondant
Distribution des résultats
% des personnes avec chaque résultat
Percentile par nombre de réponses
Votre historique - résultats
Vous n’avez pas pris ce quiz depuis la dernière actualisation